Complete works of William Shakespeare (Record no. 34233)

MARC details
000 -LEADER
fixed length control field 00280nam a2200109Ia 4500
082 ## - DEWEY DECIMAL CLASSIFICATION NUMBER
Classification number 820SHAK
Item number SHA
100 ## - MAIN ENTRY--AUTHOR NAME
Personal name Shakespeare, William
245 #0 - TITLE STATEMENT
Title Complete works of William Shakespeare
260 ## - PUBLICATION, DISTRIBUTION, ETC. (IMPRINT)
Place of publication New York
Name of publisher Avenel
942 ## - ADDED ENTRY ELEMENTS (KOHA)
Koha item type Books
Holdings
Withdrawn status Lost status Damaged status Not for loan Home library Current library Date acquired Cost, normal purchase price Full call number Accession Number Koha item type
        RRII Library RRII Library 16/12/2021 400.00 820SHAK SHA 14672 Books